| 000 | 00000nam##2200000za#4500 |
| 001 | 9.648369 |
| 003 | CaOODSP |
| 005 | 20210615113050 |
| 007 | ta |
| 008 | 150407|2001||||xxc||||| f|0| 0 eng|d |
| 020 | |a0-662-31207-4 |
| 040 | |aCaOODSP|beng |
| 043 | |an-cn--- |
| 086 | 1 |aE2-427/2001E |
| 110 | 1 |aCanada.|bForeign Affairs and International Trade. |bCanadian Centre for Foreign Policy Development. |
| 245 | 10|aSummary of key points from presentations and discussions : |bthe Toronto Roundtable on the Bush Administration's Foreign Policy - challenges and implications for Canada / |cby Chantale Walker and Blair Bobyk. |
| 260 | |aOttawa - Ontario : |bForeign Affairs and International Trade. |c2001. |
| 300 | |a14p. ; |c28 cm. |
| 563 | |aSoftcover |
| 590 | |a02-35|b2002-08-23 |
| 690 | 07|aCanadian-American relations|2gcpds |
| 690 | 07|aForeign policy|2gcpds |
| 690 | 07|aMeetings|2gcpds |
| 720 | 1 |aWalker, Chantale |
| 720 | 1 |aBobyk, Blair |
| 776 | 0#|tSummary of key points from presentations and discussions : |w(CaOODSP)9.686251 |
| 986 | |a8012.5E |